000 00369nam a2200133Ia 4500
005 20260328104341.0
008 260328s9999||||xx |||||||||||||| ||und||
100 _aWhitfied, Susan
245 0 _aSilk Roads :
_b Peoples, Cultures, Landscapes /
_cSusan Whitfied
260 _bUniversity of California Press
300 _a480 p.
650 _aAFRICA--EURASIA
942 _cBK
999 _c12132
_d12132